| 000 | 00750cam a22002295a 4500 | ||
|---|---|---|---|
| 001 | 016285098 | ||
| 003 | OSt | ||
| 005 | 20160309122736.0 | ||
| 008 | 130220t2013 enka frb 001 0 eng d | ||
| 020 | _a9781850972341 | ||
| 040 |
_aStDuBDS _beng _cStDuBDS _dUk _dEG-ScBUE |
||
| 082 | 0 | 4 |
_a617.693 _222 _bCON |
| 245 | 0 | 0 |
_aControversial issues in implant dentistry / _c[edited by] Federico Hernández Alfaro ... [et al.] |
| 260 |
_aSurrey : _bQuintessence Publishing, _cc.2013. |
||
| 300 |
_ax, 254 p. : _bill. ; _c29 cm. |
||
| 500 | _aIndex : p. 243-254. | ||
| 504 | _aIncludes bibliographical references. | ||
| 650 | 7 |
_aDental implants. _2BUEsh _935980 |
|
| 653 |
_bDDent _cMarch2016 |
||
| 700 | 1 |
_aHernández Alfaro, Federico, _eeditor. |
|
| 942 | _2ddc | ||
| 999 |
_c21350 _d21322 |
||